| 000 | 01128cab a22002295a 4500 | ||
|---|---|---|---|
| 001 | L153952 | ||
| 008 | 110927e20110922xxk 000 0 eng d | ||
| 035 | _a(Sirsi) u153952 | ||
| 041 | 0 | _aeng | |
| 100 | 1 | _aTaylor, Lance | |
| 245 | 0 | 0 |
_aCosting a bespoke build _bproperty and construction consultant Rider Levett Bucknall on the factors that raise the cost of a one-off home like Flint House |
| 260 | _c2011 | ||
| 490 |
_aArchitects' Journal _v234(8) 22 September 2011, 30-31(2) |
||
| 520 | _aCost benchmark data, bespoke designs, typical factors that increase costs in bespoke residential construction, substructure, frame, roof, stairs, external walls, windows and external doors, internal walls and doors, floor, wall and ceiling finishes, fittings and furnishings, mechanical and electrical and installations, external works, preliminaries, overheads and profit and design risk. | ||
| 590 | _aKA | ||
| 651 | 4 |
_aUnited Kingdom _y |
|
| 690 | _aBUILT ENVIRONMENT-BUILDING COSTS | ||
| 690 | _aBUILT ENVIRONMENT-CONSTRUCTION MARKET | ||
| 700 | 1 | _aSandland, Ian | |
| 710 |
_aRider Levett Bucknall _95520 |
||
| 942 | _n0 | ||
| 999 |
_c83425 _d83425 |
||